000 01016nji a22002657a 4500
005 2010090708358.0
006 a|||||r|||||00| 0
007 sd ammalaaahaa
008 100830t xxu||||| |||| 00| 0 eng d
028 _aN 92518
_bHis Master's Voice
035 _aGR-00279
040 _aSED
_cSED
100 _917455
_aKhan, Ali Akbar
245 _aSarod gat-lalat /
_cby Ali Akbar Khan
_h[sound recording] :
246 _aसरोद गत -ललत / अली अकबर द्वारा
260 _aDum Dum, India
_bHis Master's Voice
300 _a1 sound disc [Gramophone Recording]:
_banalog, 33 1/3 rpm
_c9.5 in. (MP)
_fGramophone Record
500 _aBrief Record
505 _aSide-2 सरोद गत - भारवी (Sarod gat-Bharvi) (Ali Akbar Khan)
650 _aClassical music
_zIndia
_91186
_xExcerpts
700 _917416
700 _917456
942 _2ddc
_cGR
999 _c44122
_d44122